Gregorii papae IX decretales una cum libro sexto, clementinis et extravagantibus, ad veteres códices restitutae et notis illustratae (Record no. 8725)
[ view plain ]
| 000 -CABECERA | |
|---|---|
| campo de control de longitud fija | 00937nam a2200193 a 4500 |
| 001 - NÚMERO DE CONTROL | |
| campo de control | BRCA_9075 |
| 005 - FECHA Y HORA DE LA ÚLTIMA TRANSACCIÓN | |
| campo de control | 20190320210520.0 |
| 008 - DATOS DE LONGITUD FIJA--INFORMACIÓN GENERAL | |
| campo de control de longitud fija | 050917s1757----sp-#######---#000-0#lat-# |
| 041 ## - CÓDIGO DE LENGUA | |
| Código de lengua del texto/banda sonora o título independiente | lat |
| 084 ## - OTRO NÚMERO DE CLASIFICACIÓN | |
| Número de clasificación | CO31 |
| Número de documento/Ítem | .L36 1757 |
| 100 1# - ENTRADA PRINCIPAL--NOMBRE DE PERSONA | |
| Nombre de persona | Lancelotti, Pauli Jo. |
| 9 (RLIN) | 22440 |
| 245 10 - MENCIÓN DE TÍTULO | |
| Título | Gregorii papae IX decretales una cum libro sexto, clementinis et extravagantibus, ad veteres códices restitutae et notis illustratae |
| Resto del título | quibus accedunt septimus decretalium |
| Mención de responsabilidad, etc. | et Jo. Pauli Lancelotti Institutiones Juris Canonici, cum indicibus necessariis; tomus secundus. |
| 260 ## - PUBLICACIÓN, DISTRIBUCIÓN, ETC. | |
| Lugar de publicación, distribución, etc. | Coloniae Munatianae |
| Nombre del editor, distribuidor, etc. | Impensis Thurnisii, Joh. Rudolphi Filii, Bibliop. & Typor. |
| Fecha de publicación, distribución, etc. | 1757 |
| -- | 24.5 x 19 cm |
| 500 ## - NOTA GENERAL | |
| Nota general | Estado físico: presenta encuadernación en pergamino con cintas rotas y lomo semi desprendido |
| 500 ## - NOTA GENERAL | |
| Nota general | La paginación viene dividida por secciones. |
| 650 14 - PUNTO DE ACCESO ADICIONAL DE MATERIA--TÉRMINO DE MATERIA | |
| Término de materia o nombre geográfico como elemento de entrada | Derecho canónico |
| Subdivisión cronológica | Obras anteriores a 1800 |
| 9 (RLIN) | 22085 |
| 902 ## - CATALOGADOR | |
| Iniciales | CFM |
| 942 ## - ELEMENTOS DE PUNTO DE ACCESO ADICIONAL (KOHA) | |
| Fuente del sistema de clasificación o colocación | Library of Congress Classification |
| Tipo de ítem Koha | Libros |
| Estado de retiro | Estado de pérdida | Estado dañado | No para préstamo | Localización permanente | Ubicación/localización actual | Fecha de adquisición | Total de préstamos | Signatura topográfica completa | Código de barras | Fecha visto por última vez | Precio válido a partir de | Tipo de ítem Koha |
|---|---|---|---|---|---|---|---|---|---|---|---|---|
| El ejemplar forma parte de la colección y puede ser consultado según las políticas vigentes. | Biblioteca del Museo Franz Mayer (Rogerio Casas-Alatriste) | Biblioteca del Museo Franz Mayer (Rogerio Casas-Alatriste) | 05/09/2017 | CO31 .L36 1757 | CFM00432 | 22/03/2019 | 22/03/2019 | Libros |